| 000 | 01149nam a2200313 i 4500 | ||
|---|---|---|---|
| 003 | EG-GICUC | ||
| 005 | 20260311121000.0 | ||
| 008 | 260311s1949 ua ||||fr|||| 00| 0 ara d | ||
| 040 |
_a EG-GICUC _bara _c EG-GICUC _d EG-GICUC _erda |
||
| 041 | _aara | ||
| 082 | 0 | 4 |
_221 _a343.82 _bأ ح . ع |
| 092 | 0 | 4 | _221 |
| 099 | _aLaw1 10 343.82 أ ح . ع 1949 | ||
| 100 | 0 |
_aأحمد محمد خليفة _eمؤلف. |
|
| 245 | 1 | 0 |
_aعلم النفس الجنائى والقضائى / _cتأليف أحمد محمد خليفة. |
| 264 | 1 |
_aبغداد : _bلا يوجد ناشر محدد، _c1949. |
|
| 300 |
_a90 صفحة ; _c24 سم. |
||
| 336 |
_2rda content _atext |
||
| 337 |
_2rda media _aComputer |
||
| 338 |
_2rda carrier _aOnline Resource |
||
| 504 | _aيشتمل على إرجاعات ببليوجرافية. | ||
| 546 | _aالنص باللغة العربية | ||
| 650 | 1 | _aالقانون الجنائي | |
| 650 | 1 | _aالعلوم المساعدة للقانون الجنائي | |
| 650 | 1 | _aعلم النفس القضائي | |
| 856 | 4 | 0 | _uhttps://fll.law.cu.edu.eg/fulltext/bks/B10-08000.pdf |
| 905 | _a43 | ||
| 942 |
_2ddc _n0 _cBK _e21 |
||
| 999 |
_c66035 _d66035 |
||